000 00580nam a2200205Ia 4500
005 20250923145357.0
008 008 250917s9999 xx 000 0 eng d
037 _aTextual
040 _aDSWL
_beng
_cDSWL
041 _aeng
_2eng
084 _aY:1:7-2, N77
_qDSWL
100 _aGanguly, S.N.
_9834664
245 0 _aTradition modernity and develpopment
_c by S.N. Ganguly
260 _aDelhi
_bMacmillan & Co.
_c1977
300 _aviii,182 p.
365 _aINR
_b45 . 0
925 _g45 . 0
942 _cTEXL
_hY:1:7-2, N77
999 _c1450649
_d1450649